| 000 | 00778nam a2200193Ii 4500 | ||
|---|---|---|---|
| 003 | JO-AjNU | ||
| 008 | 230605s9999||||xx |||||||||||||| ||und|| | ||
| 040 |
_aJO-AjNU _bara _erda _cJO-AjNU |
||
| 041 | _aara | ||
| 050 | 1 | 4 | _aBP166.2.B3422 |
| 100 | 3 |
_aالباجوري، ابراهيم ؛ تنسيق واخراج الاحاديث محمد أديب الكيلاني، عبد الكريم تتان ؛ مراجعة وتقديم عبد الكريم الرفاعي, _eauthor _956477 |
|
| 245 | 0 | 0 | _aشرح جوهرة التوحيد |
| 264 | 3 | 1 | _aد.م: د.ن، د.ت |
| 300 | _a516ص | ||
| 336 |
_atext _btxt _2rdacontent |
||
| 337 |
_aunmediated _bn _2rdamedia |
||
| 338 |
_avolume _bnc _2rdacarrier |
||
| 650 | 4 |
_aالتوحيد- العقيدة الاسلامية- تصوف _956478 |
|
| 999 |
_aA25251 _c28819 _d28819 |
||